| 000 | 004470000a22001810004500 | ||
|---|---|---|---|
| 003 | MACL | ||
| 005 | 20150802115727.0 | ||
| 008 | 150802b xxu||||| |||| 00| 0 eng d | ||
| 040 |
_aMACL _cMACL |
||
| 041 | _aEnglish | ||
| 082 | _a398/THU | ||
| 100 |
_aThundy, Zacharias P. _94274 |
||
| 245 | _aSouth Indian Folktales Of Kadar | ||
| 260 |
_bArchana Publication _c1991 _aDelhi |
||
| 350 | _a200 | ||
| 650 |
_aFolklore _94270 |
||
| 942 |
_cBK _k398 _2ddc |
||
| 999 |
_c4611 _d4611 |
||